Managing Human Resources (Record no. 2574)
[ view plain ]
| 000 -LEADER | |
|---|---|
| fixed length control field | 00630nam a22002057a 4500 |
| 005 - DATE AND TIME OF LATEST TRANSACTION | |
| control field | 20250115182041.0 |
| 008 - FIXED-LENGTH DATA ELEMENTS--GENERAL INFORMATION | |
| fixed length control field | 250115b |||||||| |||| 00| 0 eng d |
| 020 ## - INTERNATIONAL STANDARD BOOK NUMBER | |
| International Standard Book Number | 9781292097152 |
| 050 ## - LIBRARY OF CONGRESS CALL NUMBER | |
| Classification number | HF5549 |
| Item number | .G64 GOM |
| 100 ## - MAIN ENTRY--PERSONAL NAME | |
| Personal name | Gomez-Mejia Luis R. |
| 245 ## - TITLE STATEMENT | |
| Title | Managing Human Resources |
| Statement of responsibility, etc. | Luis R. Gomez-Mejia, David B. Balkin & Robert L. Cardy |
| 250 ## - EDITION STATEMENT | |
| Edition statement | 8th Ed. |
| 260 ## - PUBLICATION, DISTRIBUTION, ETC. | |
| Place of publication, distribution, etc. | Boston |
| Name of publisher, distributor, etc. | Pearson Education Ltd |
| Date of publication, distribution, etc. | 2016 |
| 300 ## - PHYSICAL DESCRIPTION | |
| Extent | 623p. |
| Other physical details | ill. col. |
| Dimensions | 28 cm x 21.5 cm |
| 500 ## - GENERAL NOTE | |
| General note | Includes Index |
| 650 ## - SUBJECT ADDED ENTRY--TOPICAL TERM | |
| Source of heading or term | Human Resource Management |
| 700 ## - ADDED ENTRY--PERSONAL NAME | |
| Personal name | Balkin David B. |
| 700 ## - ADDED ENTRY--PERSONAL NAME | |
| Personal name | Cardy Robert L. |
| 942 ## - ADDED ENTRY ELEMENTS (KOHA) | |
| Source of classification or shelving scheme | Library of Congress Classification |
| Koha item type | Books |
| Edition | 8th Ed. |
| Suppress in OPAC | No |
| 999 ## - | |
| -- | 2574 |
| -- | 2574 |
| Withdrawn status | Lost status | Source of classification or shelving scheme | Damaged status | Not for loan | Collection | Home library | Current library | Shelving location | Date acquired | Total checkouts | Full call number | Barcode | Date last seen | Copy number | Price effective from | Koha item type |
|---|---|---|---|---|---|---|---|---|---|---|---|---|---|---|---|---|
| Library of Congress Classification | Non-fiction | Business Library (Miotso) | Business Library (Miotso) | General stacks | 01/15/2025 | HF5549 .G64 GOM | BSSM00000436 | 01/15/2025 | 1 | 01/15/2025 | Books | |||||
| Library of Congress Classification | Non-fiction | Business Library (Miotso) | Business Library (Miotso) | General stacks | 01/15/2025 | HF5549 .G64 GOM | BSSM00000437 | 01/15/2025 | 2 | 01/15/2025 | Books | |||||
| Library of Congress Classification | Non-fiction | Business Library (Miotso) | Business Library (Miotso) | General stacks | 01/15/2025 | HF5549 .G64 GOM | BSSM00000438 | 01/15/2025 | 3 | 01/15/2025 | Books | |||||
| Library of Congress Classification | Graduate Library (Christ Temple) | Graduate Library (Christ Temple) | General stacks | 02/13/2026 | HF5549.G 64 GOM | gsct00002396 | 02/13/2026 | 02/13/2026 | Books |